<?xml version="1.0" encoding="UTF-8"?>
<collection xmlns="http://www.loc.gov/MARC21/slim">
 <record>
  <leader>02613nab a2200277 i 4500</leader>
  <controlfield tag="001">acta81981</controlfield>
  <controlfield tag="005">20231003153155.0</controlfield>
  <controlfield tag="008">231003s1962    hu      o     0||   hun d</controlfield>
  <datafield tag="040" ind1=" " ind2=" ">
   <subfield code="a">SZTE Egyetemi Kiadványok Repozitórium</subfield>
   <subfield code="b">hun</subfield>
  </datafield>
  <datafield tag="041" ind1=" " ind2=" ">
   <subfield code="a">hun</subfield>
  </datafield>
  <datafield tag="041" ind1=" " ind2=" ">
   <subfield code="a">eng</subfield>
  </datafield>
  <datafield tag="041" ind1=" " ind2=" ">
   <subfield code="a">ger</subfield>
  </datafield>
  <datafield tag="041" ind1=" " ind2=" ">
   <subfield code="a">fre</subfield>
  </datafield>
  <datafield tag="041" ind1=" " ind2=" ">
   <subfield code="a">rus</subfield>
  </datafield>
  <datafield tag="100" ind1="1" ind2=" ">
   <subfield code="a">Almási Elemér</subfield>
  </datafield>
  <datafield tag="245" ind1="1" ind2="0">
   <subfield code="a">Gyorsfagyasztott gyümölcsök barnulása II. </subfield>
   <subfield code="h">[elektronikus dokumentum] :</subfield>
   <subfield code="b">polifenolok minőségi kimutatása /</subfield>
   <subfield code="c"> Almási Elemér</subfield>
  </datafield>
  <datafield tag="260" ind1=" " ind2=" ">
   <subfield code="a">Műszaki Könyvkiadó</subfield>
   <subfield code="b">Budapest</subfield>
   <subfield code="c">1962</subfield>
  </datafield>
  <datafield tag="300" ind1=" " ind2=" ">
   <subfield code="a">99-105</subfield>
  </datafield>
  <datafield tag="490" ind1="0" ind2=" ">
   <subfield code="a">Élelmiszervizsgálati közlemények</subfield>
   <subfield code="v">8 No. 3-4</subfield>
  </datafield>
  <datafield tag="520" ind1="3" ind2=" ">
   <subfield code="a">Die Verfasser beschreiben das zur Identifizierung des Polyphenolgehaltes von Obst angewendete Verfahren. Nach einem Verteilungstrennverfahren wiesen sie die Polyphenole mit papierchromatographischer Methode nach. Zur Papierchromatographie verwendeten sie n-Butanol-Essigsäure-Wasser im Verhältnis von 4:1:5 und 15%-ige Essigsäure, als Lösungsmittel. Sie beschreiben die zur Entwicklung verwendeten Reagenzien. Sie teilen die identifizierten Polyphenole bei einigen Obstsorten mit. A method for the identification of the polyphenol content of fruits is presented by the authors. Namely, polyphenols are detected, after their separation by a partition procedure, with the use of a paper chromatographic method. In this paper chromatographic process, a 4: 1 : 5 mixture of n-butanol: acetic acid: water and 15% acetic acid served as solvents. The composition of the reagents applied on developing chromatograms is also given. The polyphenols identified in some fruit types are presented. Les auteurs donnent la description du procédé employé par eux pour l’iden* tification des polyphénols contends dans les fruits. Ils ont décélé les polyphénols par Chromatographie sur papier apKs les avoir sounds á un procédé de fragmentation. Pour la Chromatographie ils ont employé les solvants suivants: n-butanol-acide acétique-eau 4:1:5 et acide acétique á 15%. Ils énumerent aussi les réactifs employés pour le développement des chromatogrammes. Ils donnent la liste des polyphénols identifiés pour quelques espéces de fruit.</subfield>
  </datafield>
  <datafield tag="650" ind1=" " ind2="4">
   <subfield code="a">Műszaki és technológiai tudományok</subfield>
  </datafield>
  <datafield tag="650" ind1=" " ind2="4">
   <subfield code="a">Egyéb műszaki tudományok és technológiák</subfield>
  </datafield>
  <datafield tag="650" ind1=" " ind2="4">
   <subfield code="a">Élelmiszer és italfélék</subfield>
  </datafield>
  <datafield tag="695" ind1=" " ind2=" ">
   <subfield code="a">Élelmiszervizsgálat - analitikai kémia - módszer, Élelmiszerkémia - módszer, Polifenolok</subfield>
  </datafield>
  <datafield tag="700" ind1="0" ind2="1">
   <subfield code="a">Molnár Dávid</subfield>
   <subfield code="e">aut</subfield>
  </datafield>
  <datafield tag="856" ind1="4" ind2="0">
   <subfield code="u">http://acta.bibl.u-szeged.hu/81981/1/elelmiszervizsgalati_kozlemenyek_1962_03-04_099-105.pdf</subfield>
   <subfield code="z">Dokumentum-elérés </subfield>
  </datafield>
 </record>
</collection>
